A Study On Consumer's Satisfaction Towards Various Brands of Malted Milk Food in Gobichettipalayam Town/ (Record no. 190616)

MARC details
000 -LEADER
fixed length control field 00655nam a22001817a 4500
005 - DATE AND TIME OF LATEST TRANSACTION
control field 20220729165308.0
010 ## - LCCN (DPL NO)
LC control number ENG-134106
020 ## - INTERNATIONAL STANDARD BOOK NUMBER
International Standard Book Number 9789387871731
Terms of availability 150.00
035 ## - SYSTEM CONTROL NUMBER
System control number EN-117638
037 ## - SOURCE OF ACQUISITION
Source of stock number/acquisition DBAB/PUB
082 ## - DEWEY DECIMAL CLASSIFICATION NUMBER
Classification number 658
100 ## - MAIN ENTRY--PERSONAL NAME
Personal name Shophiya, R.
245 ## - TITLE STATEMENT
Title A Study On Consumer's Satisfaction Towards Various Brands of Malted Milk Food in Gobichettipalayam Town/
Statement of responsibility, etc R. Shophiya
260 ## - PUBLICATION, DISTRIBUTION, ETC. (IMPRINT)
Place of publication, distribution, etc Tamil Nadu
Name of publisher, distributor, etc Shanlax Publications
Date of publication, distribution, etc 2018
270 ## - ADDRESS
Address 61, T.P.K. Main Road, Vasantha Nagar, Madurai
City Madurai
Postal code 625003
Telephone number 0452-4208765
Electronic mail address publisher@shanlaxpublications.com
300 ## - PHYSICAL DESCRIPTION
Extent 76p.
Dimensions 22cm(pbk)
942 ## - ADDED ENTRY ELEMENTS (KOHA)
Source of classification or shelving scheme Dewey Decimal Classification
Item type English Books
Classification part 658
Call number suffix SHO
Holdings
Withdrawn status Lost status Not for loan Collection code Home library Current library Date acquired Source of acquisition Cost, normal purchase price Full call number Barcode Copy number Cost, replacement price Koha item type
      Non-fiction Bawana Bawana 29/07/2022 DBAD/PUB 150.00 658 SHO EN-117638 1 150.00 English Books

© Delhi Public Library
Hit Counter
free hit counter